The theory of sets and transfinite arithmetic /

Guardado en:
Autor Principal: Abian, Alexander, 1925-
Formato: Libro
Idioma:English
Publicado: Philadelphia : Saunders, 1965.
Series:Saunders mathematics books
Materias:
Etiquetas: Agregar Etiqueta
Sin Etiquetas, Sea el primero en etiquetar este registro!
LEADER 00646cam a22002055a 4500
001 MAT.inmabb004382
008 840820s1965####paua##########001#0#eng##
005 20130227151710.0
245 1 4 |a The theory of sets and transfinite arithmetic /  |c Alexander Abian. 
260 |a Philadelphia :  |b Saunders,  |c 1965. 
300 |a xiii, 406 p. :  |b il. ;  |c 24 cm. 
440 0 |a Saunders mathematics books 
510 4 |a MR,  |c 33 #2547 
100 1 |a Abian, Alexander,  |d 1925- 
084 |a 03Exx (03E10)  |2 msc2000 
650 0 |a Set theory. 
650 0 |a Transfinite numbers. 
010 |a  65023086  
040 |a DLC/ICU  |c ICU  |d DLC 
859 |h 03  |i Ab148  |p A-2229  |b BIB. MATEMATICA